[Event "IIFL Wealth 4th Mumbai GM"]
[Site "Mumbai"]
[Date "2018.12.31"]
[Round "2"]
[White "Raahul V S"]
[Black "Nayem, Haque"]
[Result "1/2-1/2"]
[WhiteElo "2381"]
[BlackElo "2083"]
[Annotator "NA"]
[PlyCount "172"]
[EventDate "2018.12.30"]
[EventType "swiss"]
[EventCountry "IND"]
[SourceTitle "playchess.com"]
[Source "ChessBase"]
[SourceQuality "1"]
[TimeControl "40/5400+30:1800+30"]

1. c4 {[%emt 0:00:00]} e5 {[%emt 0:02:56]} 2. g3 {[%emt 0:00:36]} Nf6 {[%emt 0:02:24]} 3. Bg2 {[%emt 0:00:23]} d5 {[%emt 0:00:17]} 4. cxd5 {[%emt 0:00:03]} Nxd5 {[%emt 0:00:06]} 5. Nc3 {[%emt 0:00:02]} Ne7 {[%emt 0:00:29]} 6. Nf3 {[%emt 0:01:35]} Nbc6 {[%emt 0:00:03]} 7. O-O {[%emt 0:01:12]} g6 {[%emt 0:00:10]} 8. b4 {[%emt 0:08:29]} a6 {[%emt 0:00:06]} 9. Bb2 {[%emt 0:01:14]} Bg7 {[%emt 0:00:10]} 10. a3 {[%emt 0:00:39]} O-O {[%emt 0:00:10]} 11. Rc1 {[%emt 0:00:41]} h6 {[%emt 0:00:27]} 12. d3 {[%emt 0:02:16]} Be6 {[%emt 0:03:19]} 13. Nd2 {[%emt 0:04:25]} Qc8 {[%emt 0:06:14]} 14. Re1 {[%emt 0:00:22]} Rd8 {[%emt 0:01:00]} 15. Na4 {[%emt 0:06:47]} Ra7 {[%emt 0:03:25]} 16. Nc5 {[%emt 0:02:00]} Bd5 {[%emt 0:00:52]} 17. e4 {[%emt 0:05:29]} Be6 {[%emt 0:00:56]} 18. Nf1 {[%emt 0:00:22]} Bh3 {[%emt 0:07:08]} 19. Bh1 {[%emt 0:01:11]} b6 {[%emt 0:01:27]} 20. Na4 {[%emt 0:01:28]} Qd7 {[%emt 0:00:39]} 21. Ne3 {[%emt 0:13:49]} Be6 {[%emt 0:04:19]} 22. Nc3 {[%emt 0:03:50]} Nd4 {[%emt 0:03:00]} 23. Ncd5 {[%emt 0:01:21]} Bxd5 {[%emt 0:28:22]} 24. exd5 {[%emt 0:00:48]} Ndf5 {[%emt 0:00:52]} 25. Nxf5 {[%emt 0:01:22]} Qxf5 {[%emt 0:00:39]} 26. d4 {[%emt 0:00:09]} e4 {[%emt 0:05:52]} 27. Bxe4 {[%emt 0:01:58]} Qd7 {[%emt 0:00:02]} 28. Qb3 {[%emt 0:01:03]} Nxd5 {[%emt 0:08:11]} 29. Bxd5 {[%emt 0:00:23]} Qxd5 {[%emt 0:00:17]} 30. Re8+ {[%emt 0:00:01]} Kh7 {[%emt 0:01:52]} 31. Qxd5 {[%emt 0:00:06]} Rxd5 {[%emt 0:00:30]} 32. Re7 {[%emt 0:00:03]} Kg8 {[%emt 0:08:49]} 33. Rc4 {[%emt 0:07:28]} Bf6 {[%emt 0:02:48]} 34. Re2 {[%emt 0:00:36]} a5 {[%emt 0:04:36]} 35. Rc6 {[%emt 0:08:21]} Kg7 {[%emt 0:03:25]} 36. bxa5 {[%emt 0:01:18]} bxa5 {[%emt 0:00:22]} 37. a4 {[%emt 0:00:20]} Rb7 {[%emt 0:00:39]} 38. Bc3 {[%emt 0:00:01]} Rd6 {[%emt 0:01:29]} 39. Rc4 {[%emt 0:00:57]} Rd5 {[%emt 0:00:31]} 40. Re8 {[%emt 0:00:00]} Rb1+ {[%emt 0:00:00]} 41. Kg2 {[%emt 0:00:39]} Rd1 {[%emt 0:12:55]} 42. Re4 {[%emt 0:00:45]} Kg8 {[%emt 0:12:40]} 43. Rf4 {[%emt 0:04:32]} Bd8 {[%emt 0:01:51]} 44. Re4 {[%emt 0:02:48]} Bf6 {[%emt 0:00:17]} 45. Rf4 {[%emt 0:03:28]} Bd8 {[%emt 0:01:03]} 46. Rf3 {[%emt 0:00:02]} Rb1 {[%emt 0:01:38]} 47. Re3 {[%emt 0:00:40]} Kf8 {[%emt 0:00:58]} 48. Re5 {[%emt 0:00:39]} c6 {[%emt 0:02:13]} 49. Rxd5 {[%emt 0:01:15]} cxd5 {[%emt 0:00:21]} 50. Rc5 {[%emt 0:00:03]} Ke8 {[%emt 0:01:40]} 51. Rxd5 {[%emt 0:00:14]} Rd1 {[%emt 0:00:14]} 52. Rc5 {[%emt 0:00:54]} Kd7 {[%emt 0:00:44]} 53. Kf3 {[%emt 0:01:04]} Bb6 {[%emt 0:00:18]} 54. Re5 {[%emt 0:05:46]} Rb1 {[%emt 0:00:29]} 55. Bxa5 {[%emt 0:00:21]} Rb3+ {[%emt 0:00:22]} 56. Kg2 {[%emt 0:00:29]} f6 {[%emt 0:00:24]} 57. Rd5+ {[%emt 0:00:27]} Ke6 {[%emt 0:00:28]} 58. Bxb6 {[%emt 0:00:17]} Kxd5 {[%emt 0:00:07]} 59. Bc5 {[%emt 0:00:00]} Kc6 {[%emt 0:01:04]} 60. a5 {[%emt 0:00:02]} Kb5 {[%emt 0:00:27]} 61. Bb6 {[%emt 0:00:53]} g5 {[%emt 0:00:26]} 62. g4 {[%emt 0:00:17]} Ra3 {[%emt 0:00:17]} 63. Bd8 {[%emt 0:00:44]} Kc4 {[%emt 0:00:13]} 64. Bxf6 {[%emt 0:00:31]} Rxa5 {[%emt 0:00:09]} 65. Bg7 {[%emt 0:00:59]} Ra6 {[%emt 0:00:29]} 66. Kg3 {[%emt 0:00:26]} Kd5 {[%emt 0:00:24]} 67. f3 {[%emt 0:00:41]} Rg6 {[%emt 0:00:58]} 68. Be5 {[%emt 0:00:02]} Ra6 {[%emt 0:00:00]} 69. Bg7 {[%emt 0:00:58]} Rg6 {[%emt 0:01:00]} 70. Be5 {[%emt 0:00:02]} Ra6 {[%emt 0:00:21]} 71. h4 {[%emt 0:00:35]} Ke6 {[%emt 0:01:09]} 72. h5 {[%emt 0:00:24]} Ra7 {[%emt 0:00:24]} 73. f4 {[%emt 0:00:29]} Ra3+ {[%emt 0:00:32]} 74. Kf2 {[%emt 0:00:02]} Ra2+ {[%emt 0:00:11]} 75. Kf3 {[%emt 0:00:09]} Kd5 {[%emt 0:01:00]} 76. fxg5 {[%emt 0:00:53]} hxg5 {[%emt 0:00:24]} 77. Bf6 {[%emt 0:00:46]} Ra3+ {[%emt 0:00:17]} 78. Ke2 {[%emt 0:00:10]} Ra2+ {[%emt 0:00:23]} 79. Kd3 {[%emt 0:00:21]} Ra3+ {[%emt 0:01:06]} 80. Kc2 {[%emt 0:00:01]} Ra2+ {[%emt 0:00:24]} 81. Kb3 {[%emt 0:00:24]} Rh2 {[%emt 0:00:42]} 82. Kb4 {[%emt 0:00:25]} Rh4 {[%emt 0:00:22]} 83. Bxg5 {[%emt 0:00:21]} Rxg4 {[%emt 0:00:19]} 84. Bf6 {[%emt 0:00:03]} Rf4 {[%emt 0:00:31]} 85. Bg7 {[%emt 0:00:03]} Rh4 {[%emt 0:00:08]} 86. h6 {[%emt 0:00:02]} Rxh6 {[%emt 0:00:19]} 1/2-1/2

[Event "IIFL Wealth 4th Mumbai GM"]
[Site "Mumbai"]
[Date "2018.12.31"]
[Round "2"]
[White "Sammed Jaykumar, Shete"]
[Black "Aaryan Varshney"]
[Result "1-0"]
[WhiteElo "2378"]
[BlackElo "2200"]
[Annotator "NA"]
[PlyCount "152"]
[EventDate "2018.12.30"]
[EventType "swiss"]
[EventCountry "IND"]
[SourceTitle "playchess.com"]
[Source "ChessBase"]
[SourceQuality "1"]
[TimeControl "40/5400+30:1800+30"]

1. e4 c5 {[%emt 0:00:52]} 2. Nf3 {[%emt 0:00:00]} d6 {[%emt 0:00:03]} 3. d4 {[%emt 0:00:00]} cxd4 {[%emt 0:00:05]} 4. Nxd4 {[%emt 0:00:00]} Nf6 {[%emt 0:00:04]} 5. Nc3 {[%emt 0:00:00]} a6 {[%emt 0:00:02]} 6. Nb3 {[%emt 0:00:15]} e5 {[%emt 0:02:52]} 7. Bg5 {[%emt 0:00:12]} Be7 {[%emt 0:00:27]} 8. Bxf6 {[%emt 0:00:11]} Bxf6 {[%emt 0:00:05]} 9. Qd3 {[%emt 0:00:07]} Be6 {[%emt 0:01:01]} 10. O-O-O {[%emt 0:02:38]} Be7 {[%emt 0:00:18]} 11. Nd5 {[%emt 0:04:33]} Bxd5 {[%emt 0:01:09]} 12. Qxd5 {[%emt 0:00:07]} Nc6 {[%emt 0:00:25]} 13. c3 {[%emt 0:00:14]} O-O {[%emt 0:00:46]} 14. g3 {[%emt 0:04:03]} Qb6 {[%emt 0:04:47]} 15. Qd2 {[%emt 0:04:00]} Rac8 {[%emt 0:08:37]} 16. Kb1 {[%emt 0:01:47]} Na5 {[%emt 0:06:24]} 17. Nxa5 {[%emt 0:07:38]} Qxa5 {[%emt 0:00:03]} 18. h4 {[%emt 0:00:13]} b5 {[%emt 0:01:13]} 19. Bd3 {[%emt 0:02:01]} Qb6 {[%emt 0:06:07]} 20. Bc2 {[%emt 0:03:05]} a5 {[%emt 0:00:26]} 21. Bb3 {[%emt 0:00:42]} b4 {[%emt 0:01:25]} 22. cxb4 {[%emt 0:00:52]} Qxb4 {[%emt 0:00:11]} 23. Qxb4 {[%emt 0:02:09]} axb4 {[%emt 0:00:11]} 24. Rd5 {[%emt 0:03:22]} Rc5 {[%emt 0:18:08]} 25. Rxc5 {[%emt 0:10:23]} dxc5 {[%emt 0:00:02]} 26. Rd1 {[%emt 0:00:07]} Rd8 {[%emt 0:17:15]} 27. Rxd8+ {[%emt 0:06:38]} Bxd8 {[%emt 0:00:02]} 28. Kc2 {[%emt 0:07:50]} c4 {[%emt 0:08:01]} 29. Bxc4 {[%emt 0:00:20]} Bb6 {[%emt 0:00:28]} 30. f3 {[%emt 0:00:14]} Kf8 {[%emt 0:00:43]} 31. Kb3 {[%emt 0:00:25]} Bc5 {[%emt 0:00:12]} 32. Bd5 {[%emt 0:05:42]} f6 {[%emt 0:04:11]} 33. Kc4 {[%emt 0:02:16]} Bd6 {[%emt 0:00:48]} 34. Kb5 {[%emt 0:03:20]} Ke8 {[%emt 0:01:02]} 35. Kc6 {[%emt 0:01:10]} Be7 {[%emt 0:01:09]} 36. Bg8 {[%emt 0:00:33]} h6 {[%emt 0:00:25]} 37. h5 {[%emt 0:01:38]} Bf8 {[%emt 0:01:36]} 38. Kd5 {[%emt 0:11:44]} Kd7 {[%emt 0:01:04]} 39. Be6+ {[%emt 0:00:15]} Ke8 {[%emt 0:00:22]} 40. Bf5 {[%emt 0:00:00]} Be7 {[%emt 0:00:00]} 41. f4 {[%emt 0:04:58]} exf4 {[%emt 0:13:39]} 42. gxf4 {[%emt 0:00:11]} Bf8 {[%emt 0:01:45]} 43. e5 {[%emt 0:03:21]} fxe5 {[%emt 0:00:42]} 44. fxe5 {[%emt 0:00:06]} Be7 {[%emt 0:00:38]} 45. Ke6 {[%emt 0:00:44]} Bc5 {[%emt 0:01:48]} 46. Bg6+ {[%emt 0:00:23]} Kd8 {[%emt 0:02:29]} 47. Kf7 {[%emt 0:02:48]} Bd4 {[%emt 0:01:36]} 48. e6 {[%emt 0:00:05]} Bc5 {[%emt 0:00:04]} 49. Bf5 {[%emt 0:00:21]} Bd6 {[%emt 0:00:31]} 50. Kxg7 {[%emt 0:00:17]} Bf4 {[%emt 0:01:29]} 51. Kf6 {[%emt 0:04:23]} Bg5+ {[%emt 0:00:29]} 52. Ke5 {[%emt 0:00:23]} Be7 {[%emt 0:05:17]} 53. Kd5 {[%emt 0:00:42]} Kc7 {[%emt 0:00:32]} 54. Bg4 {[%emt 0:00:32]} Kb6 {[%emt 0:02:26]} 55. Kc4 {[%emt 0:00:19]} Kc6 {[%emt 0:00:59]} 56. Kb3 {[%emt 0:00:18]} Kb5 {[%emt 0:01:08]} 57. a3 {[%emt 0:00:14]} bxa3 {[%emt 0:00:15]} 58. bxa3 {[%emt 0:00:05]} Kb6 {[%emt 0:02:56]} 59. a4 {[%emt 0:00:10]} Ka5 {[%emt 0:00:06]} 60. Bd1 {[%emt 0:00:06]} Kb6 {[%emt 0:00:45]} 61. Kc4 {[%emt 0:00:05]} Bf8 {[%emt 0:02:00]} 62. Kd5 {[%emt 0:00:17]} Be7 {[%emt 0:00:23]} 63. Be2 {[%emt 0:00:35]} Bf8 {[%emt 0:00:20]} 64. a5+ {[%emt 0:00:46]} Kxa5 {[%emt 0:00:25]} 65. Kc6 {[%emt 0:00:04]} Ba3 {[%emt 0:02:34]} 66. Kd7 {[%emt 0:00:11]} Kb6 {[%emt 0:00:03]} 67. e7 {[%emt 0:00:04]} Bxe7 {[%emt 0:00:03]} 68. Kxe7 {[%emt 0:00:04]} Kc7 {[%emt 0:00:14]} 69. Kf7 {[%emt 0:00:04]} Kd6 {[%emt 0:00:04]} 70. Kg7 {[%emt 0:00:04]} Ke7 {[%emt 0:00:08]} 71. Kxh6 {[%emt 0:00:05]} Kf8 {[%emt 0:00:03]} 72. Bc4 {[%emt 0:00:05]} Ke7 {[%emt 0:00:14]} 73. Kg7 {[%emt 0:00:04]} Kd6 {[%emt 0:00:13]} 74. h6 {[%emt 0:00:05]} Kc5 {[%emt 0:00:02]} 75. h7 {[%emt 0:00:06]} Kxc4 {[%emt 0:00:03]} 76. h8=Q {[%emt 0:00:06]} Kd5 1-0

[Event "IIFL Wealth 4th Mumbai GM"]
[Site "Mumbai"]
[Date "2018.12.31"]
[Round "2"]
[White "Anuj Shrivatri"]
[Black "Varshini, V."]
[Result "1/2-1/2"]
[WhiteElo "2357"]
[BlackElo "2171"]
[Annotator "NA"]
[PlyCount "59"]
[EventDate "2018.12.30"]
[EventType "swiss"]
[EventCountry "IND"]
[SourceTitle "playchess.com"]
[Source "ChessBase"]
[SourceQuality "1"]
[TimeControl "40/5400+30:1800+30"]

1. Nf3 {[%emt 0:00:00]} d5 {[%emt 0:00:05]} 2. c4 {[%emt 0:00:00]} e6 {[%emt 0:00:31]} 3. g3 {[%emt 0:03:05]} Nf6 {[%emt 0:00:44]} 4. Bg2 {[%emt 0:00:06]} Be7 {[%emt 0:00:10]} 5. O-O {[%emt 0:00:06]} O-O {[%emt 0:00:22]} 6. b3 {[%emt 0:00:04]} c5 {[%emt 0:01:21]} 7. Bb2 {[%emt 0:00:19]} b6 {[%emt 0:00:42]} 8. cxd5 {[%emt 0:00:25]} exd5 {[%emt 0:00:21]} 9. d4 {[%emt 0:00:25]} Nbd7 {[%emt 0:07:51]} 10. Nc3 {[%emt 0:01:11]} Bb7 {[%emt 0:00:30]} 11. Rc1 {[%emt 0:00:30]} a6 {[%emt 0:08:30]} 12. dxc5 {[%emt 0:17:12]} Nxc5 {[%emt 0:02:31]} 13. Nd4 {[%emt 0:05:33]} Re8 {[%emt 0:12:08]} 14. Qc2 {[%emt 0:15:27]} Rc8 {[%emt 0:08:02]} 15. Bh3 {[%emt 0:06:15]} Rc7 {[%emt 0:02:59]} 16. Na4 {[%emt 0:03:24]} Bd6 {[%emt 0:05:26]} 17. Nxc5 {[%emt 0:00:50]} bxc5 {[%emt 0:02:46]} 18. Nf5 {[%emt 0:02:14]} Re5 {[%emt 0:04:36]} 19. Bg2 {[%emt 0:14:42]} Ne4 {[%emt 0:08:41]} 20. Nd4 {[%emt 0:05:14]} Rc8 {[%emt 0:07:31]} 21. Nf3 {[%emt 0:00:17]} Re7 {[%emt 0:00:56]} 22. e3 {[%emt 0:03:11]} Qb6 {[%emt 0:03:52]} 23. Nd2 {[%emt 0:01:07]} Nf6 {[%emt 0:04:04]} 24. Rfe1 {[%emt 0:00:20]} h6 {[%emt 0:04:38]} 25. Qd3 {[%emt 0:04:55]} a5 {[%emt 0:04:41]} 26. Nb1 {[%emt 0:01:01]} Ne4 {[%emt 0:03:48]} 27. Nc3 {[%emt 0:00:41]} Nxc3 {[%emt 0:01:28]} 28. Qxc3 {[%emt 0:01:19]} d4 {[%emt 0:00:29]} 29. exd4 {[%emt 0:00:15]} Rxe1+ {[%emt 0:00:28]} 30. Qxe1 {[%emt 0:00:05]} 1/2-1/2

[Event "IIFL Wealth 4th Mumbai GM"]
[Site "Mumbai"]
[Date "2018.12.31"]
[Round "2"]
[White "Tran, Minh Thang"]
[Black "Pranesh M"]
[Result "1-0"]
[WhiteElo "2342"]
[BlackElo "2125"]
[Annotator "NA"]
[PlyCount "79"]
[EventDate "2018.12.30"]
[EventType "swiss"]
[EventCountry "IND"]
[SourceTitle "playchess.com"]
[Source "ChessBase"]
[SourceQuality "1"]
[TimeControl "40/5400+30:1800+30"]

1. Nf3 {[%emt 0:00:00]} Nf6 {[%emt 0:00:00]} 2. b3 {[%emt 0:00:02]} g6 {[%emt 0:00:07]} 3. Bb2 {[%emt 0:00:12]} Bg7 {[%emt 0:00:07]} 4. g3 {[%emt 0:00:25]} O-O {[%emt 0:00:35]} 5. Bg2 {[%emt 0:00:42]} c5 {[%emt 0:00:03]} 6. c4 {[%emt 0:00:35]} d6 {[%emt 0:00:50]} 7. O-O {[%emt 0:00:14]} e5 {[%emt 0:00:32]} 8. d3 {[%emt 0:00:26]} Nc6 {[%emt 0:00:01]} 9. Nc3 {[%emt 0:00:24]} Be6 {[%emt 0:01:25]} 10. Nd2 {[%emt 0:00:37]} Qd7 {[%emt 0:00:53]} 11. Nde4 {[%emt 0:01:06]} Bh3 {[%emt 0:01:53]} 12. Nxf6+ {[%emt 0:04:50]} Bxf6 {[%emt 0:00:10]} 13. Nd5 {[%emt 0:00:17]} Bg7 {[%emt 0:00:23]} 14. f4 {[%emt 0:05:57]} Rae8 {[%emt 0:03:05]} 15. fxe5 {[%emt 0:03:19]} Nxe5 {[%emt 0:00:34]} 16. Qd2 {[%emt 0:02:00]} Bxg2 {[%emt 0:02:29]} 17. Kxg2 {[%emt 0:00:03]} f5 {[%emt 0:00:14]} 18. h3 {[%emt 0:04:15]} Nc6 {[%emt 0:08:11]} 19. Rae1 {[%emt 0:01:45]} Ne7 {[%emt 0:01:13]} 20. Bxg7 {[%emt 0:00:53]} Nxd5 {[%emt 0:07:08]} 21. Bh6 {[%emt 0:01:02]} Nf6 {[%emt 0:01:24]} 22. Bxf8 {[%emt 0:00:16]} Rxf8 {[%emt 0:00:04]} 23. e4 {[%emt 0:00:48]} Qc6 {[%emt 0:00:10]} 24. Kh2 {[%emt 0:00:12]} fxe4 {[%emt 0:00:28]} 25. dxe4 {[%emt 0:00:07]} Kg7 {[%emt 0:00:04]} 26. Qc3 {[%emt 0:00:23]} Qa6 {[%emt 0:01:17]} 27. Re2 {[%emt 0:01:16]} Qb6 {[%emt 0:00:52]} 28. Ref2 {[%emt 0:00:13]} Qd8 {[%emt 0:00:09]} 29. e5 {[%emt 0:00:41]} dxe5 {[%emt 0:00:15]} 30. Qxe5 {[%emt 0:00:07]} h6 {[%emt 0:00:57]} 31. Qxc5 {[%emt 0:00:26]} h5 {[%emt 0:00:49]} 32. Qe5 {[%emt 0:00:21]} b6 {[%emt 0:00:21]} 33. b4 {[%emt 0:00:45]} Rf7 {[%emt 0:00:25]} 34. c5 {[%emt 0:00:14]} bxc5 {[%emt 0:00:20]} 35. bxc5 {[%emt 0:00:08]} Rf8 {[%emt 0:00:38]} 36. c6 {[%emt 0:00:09]} Rf7 {[%emt 0:00:01]} 37. Rxf6 {[%emt 0:00:14]} Rxf6 {[%emt 0:00:22]} 38. Qxf6+ {[%emt 0:00:09]} Qxf6 {[%emt 0:00:01]} 39. Rf2 Qf4 40. Rxf4 {[%emt 0:00:40] Kf6 [%clk 1:10:57] Rxf6 [%clk 1:44:11]} 1-0

[Event "IIFL Wealth 4th Mumbai GM"]
[Site "Mumbai"]
[Date "2018.12.31"]
[Round "2"]
[White "Siva Mahadevan"]
[Black "Snehal, Bhosale"]
[Result "1-0"]
[WhiteElo "2333"]
[BlackElo "2135"]
[Annotator "NA"]
[PlyCount "79"]
[EventDate "2018.12.30"]
[EventType "swiss"]
[EventCountry "IND"]
[SourceTitle "playchess.com"]
[Source "ChessBase"]
[SourceQuality "1"]
[TimeControl "40/5400+30:1800+30"]

1. e4 {[%emt 0:00:00]} c5 {[%emt 0:00:00]} 2. Nf3 {[%emt 0:00:00]} d6 {[%emt 0:00:00]} 3. d4 {[%emt 0:00:00]} cxd4 {[%emt 0:00:00]} 4. Nxd4 {[%emt 0:00:07]} Nf6 {[%emt 0:00:01]} 5. Nc3 {[%emt 0:00:08]} Nc6 {[%emt 0:00:06]} 6. Bg5 {[%emt 0:01:14]} e6 {[%emt 0:00:24]} 7. Qd2 {[%emt 0:00:15]} a6 {[%emt 0:00:09]} 8. Nxc6 {[%emt 0:01:14]} bxc6 {[%emt 0:00:26]} 9. O-O-O {[%emt 0:00:07]} Be7 {[%emt 0:01:49]} 10. Bc4 {[%emt 0:00:44]} d5 {[%emt 0:10:10]} 11. Bb3 {[%emt 0:07:56]} O-O {[%emt 0:06:17]} 12. Rhe1 {[%emt 0:00:34]} h6 {[%emt 0:02:04]} 13. Bf4 {[%emt 0:09:11]} Nd7 {[%emt 0:06:20]} 14. exd5 {[%emt 0:25:52]} cxd5 {[%emt 0:02:59]} 15. Bxd5 {[%emt 0:00:11]} exd5 {[%emt 0:04:11]} 16. Nxd5 {[%emt 0:00:20]} Bc5 {[%emt 0:23:31]} 17. Bxh6 {[%emt 0:10:32]} Bb7 {[%emt 0:20:34]} 18. Bg5 {[%emt 0:07:05]} f6 {[%emt 0:00:48]} 19. Be3 {[%emt 0:08:14]} Re8 {[%emt 0:10:20]} 20. Bxc5 {[%emt 0:02:15]} Nxc5 {[%emt 0:05:50]} 21. Rxe8+ {[%emt 0:01:08]} Qxe8 {[%emt 0:00:03]} 22. Nc7 {[%emt 0:00:09]} Qc6 {[%emt 0:02:24]} 23. Nxa8 {[%emt 0:00:22]} Bxa8 {[%emt 0:00:04]} 24. f3 {[%emt 0:00:35]} Kh7 {[%emt 0:00:48]} 25. Qc3 {[%emt 0:05:49]} Qb6 {[%emt 0:02:03]} 26. Rd4 {[%emt 0:03:09]} Bb7 {[%emt 0:01:07]} 27. b4 {[%emt 0:05:15]} Ne6 {[%emt 0:00:23]} 28. Qd3+ {[%emt 0:00:08]} Kg8 {[%emt 0:00:21]} 29. Rd6 {[%emt 0:00:18]} Qg1+ {[%emt 0:00:30]} 30. Kb2 {[%emt 0:00:10]} Qe1 {[%emt 0:00:19]} 31. Qc3 {[%emt 0:01:49]} Qe2 {[%emt 0:00:29]} 32. Rb6 {[%emt 0:04:23]} Bd5 {[%emt 0:00:31]} 33. Rd6 {[%emt 0:03:06]} Bc4 {[%emt 0:00:47]} 34. Rd2 {[%emt 0:01:15]} Qf1 {[%emt 0:00:02]} 35. a4 {[%emt 0:00:47]} Kh8 {[%emt 0:00:56]} 36. b5 {[%emt 0:00:24]} axb5 {[%emt 0:00:39]} 37. axb5 {[%emt 0:00:17]} Kh7 {[%emt 0:00:33]} 38. Qe3 {[%emt 0:01:12]} Nc7 {[%emt 0:00:29]} 39. b6 {[%emt 0:00:11]} Na6 {[%emt 0:00:31]} 40. Qf2 {[%emt 0:00:00]} 1-0

[Event "IIFL Wealth 4th Mumbai GM"]
[Site "Mumbai"]
[Date "2018.12.31"]
[Round "2"]
[White "Srihari L R"]
[Black "Chanda, Sandipan"]
[Result "0-1"]
[WhiteElo "2316"]
[BlackElo "2555"]
[Annotator "TA"]
[PlyCount "82"]
[EventDate "2018.12.30"]
[EventType "swiss"]
[EventCountry "IND"]
[SourceTitle "playchess.com"]
[Source "ChessBase"]
[SourceQuality "1"]

{[%evp 15,82,52,51,18,24,33,16,9,25,26,25,31,29,27,29,21,27,0,7,0,10,0,18,14,16,16,22,23,22,13,36,19,46,54,50,0,57,57,68,57,38,32,33,-13,0,0,0,0,0,-157,-161,-177,-177,-530,-465,-423,-431,-944,-944,-944,-944,-938,-885,-810,-811,-712,-707,-999,-999]} 1. Nf3 f5 2. d4 Nf6 3. g3 g6 4. Bg2 Bg7 5. O-O O-O 6. c4 e6 7. Nc3 d5 8. Bf4 c6 {LiveBook: 5 Games} 9. c5 {A87: Dutch Defence: Leningrad System: 5 Nf3} Nbd7 10. Bd6 Re8 11. Ne5 {The position is equal.} Bf8 12. Bxf8 Rxf8 13. f4 $146 {[%cal Bf2f4,Bf4e5][%mdl 32]} ({Predecessor:} 13. Nxd7 Nxd7 14. f4 b6 15. b4 Ba6 16. Qa4 Qc8 {0-1 (49) Schuster,K (2291)-Sandipan,C (2555) Tegernsee 2017}) 13... Nxe5 14. fxe5 Nd7 15. b4 b6 16. Qc2 a5 17. a3 Ba6 18. Rfb1 Bc4 19. e3 Qg5 20. Qf2 Rfb8 21. Bf1 Bxf1 22. Kxf1 b5 23. Ne2 Qh6 24. h4 Ra7 25. Nc1 Nf8 (25... axb4 $11 26. axb4 Rba8 27. Rxa7 Rxa7) 26. Nb3 $14 a4 27. Nd2 g5 28. Nf3 gxh4 29. gxh4 Ng6 30. Ke2 f4 31. Rg1 Rf8 32. Rg5 $2 ({Better is} 32. Rg4 $11) 32... Raf7 $1 $17 33. Rag1 {[#] With the idea h5.} Kh8 $1 34. Rxg6 $2 (34. Rf1) 34... hxg6 $19 {Black is clearly winning.} 35. Ng5 {[#]} Rf5 $1 36. Nxe6 (36. e4 $142 dxe4 37. Nxe4) 36... fxe3 37. Qxe3 {[#]} Rf2+ $1 {[%mdl 512]} 38. Qxf2 Qh5+ 39. Ke3 Rxf2 40. Kxf2 Qf5+ 41. Ke3 Qxe6 {Precision: White = 41%, Black = 67%.} 0-1

[Event "IIFL Wealth 4th Mumbai GM"]
[Site "Mumbai"]
[Date "2018.12.31"]
[Round "2"]
[White "Kathmale, Sameer"]
[Black "Gukesh D"]
[Result "1-0"]
[WhiteElo "2312"]
[BlackElo "2466"]
[Annotator "TA"]
[PlyCount "103"]
[EventDate "2018.12.30"]
[EventType "swiss"]
[EventCountry "IND"]
[SourceTitle "playchess.com"]
[Source "ChessBase"]
[SourceQuality "1"]

{[%evp 32,103,9,6,61,24,20,39,128,137,178,184,260,249,259,235,244,153,148,152,178,137,160,119,120,96,100,68,75,62,62,62,64,71,81,81,81,81,91,87,85,85,285,277,272,269,285,280,279,284,293,272,450,439,375,262,1575,1859,1696,1078,1845,1449,1477,1553,293,999,514,94,29940,12850,12848,11085,29969,29971]} 1. e4 c5 2. Nf3 Nc6 3. d4 cxd4 4. Nxd4 Nf6 5. Nc3 e5 6. Ndb5 {[%cal Bd4b5,Bb5a3,Ba3c2,Bc2e3][%mdl 32]} d6 7. Bg5 a6 8. Na3 b5 9. Bxf6 gxf6 10. Nd5 f5 11. exf5 Bxf5 12. c3 Bg7 13. Nc2 O-O 14. Nce3 Be6 15. Qh5 {B33: Sicilian: Pelikan and Sveshnikov Variations} (15. Bd3 f5 16. O-O Ra7 17. a4 Ne7 18. Bc2 Nxd5 19. Nxd5 bxa4 20. Rxa4 Kh8 21. Qd2 e4 22. Rfa1 a5 23. Nf4 Bf7 24. Ne2 Be8 25. R4a3 {½-½ (110) Wang,H (2690)-Yu,Y (2750) China 2017}) 15... f5 16. g3 Ne7 17. Bg2 {LiveBook: 3 Games. Strongly threatening Nxe7+.The position is equal.} Ng6 $146 (17... e4 $11 18. Nf4 Bf7) ({Predecessor:} 17... Rb8 18. O-O Bxd5 19. Bxd5+ Kh8 20. Rad1 Rf6 21. Bb3 Rh6 22. Qe2 Qd7 {½-½ (49) Cap,A (2288)-Hollan,P (2288) Czech Republic 2016}) 18. Rd1 Rc8 19. O-O Rc5 (19... f4 $14 20. Nc2 Rf5) 20. b4 $1 $16 {[%cal Rb4c5]} Rc8 21. Bh3 $1 Rc6 (21... Ne7 {might work better.}) 22. Bxf5 $18 ({Weaker is} 22. Nxf5 Qd7 $16) 22... Bxf5 23. Nxf5 Qd7 24. Nxg7 Kxg7 25. Rd2 Qe6 26. Re1 Rc4 27. f4 Rcc8 28. Kg2 Qf7 {[%cal Re5f4]} 29. Qg4 Kh8 30. Rf1 Rc4 {[%cal Re5f4]} 31. Qd1 $36 {[%mdl 2048] Hoping for f5. White is pushing.} exf4 32. Rd4 Qg7 33. Rxc4 bxc4 34. Qd4 Qxd4 35. cxd4 $16 {[%mdl 4096] Endgame KRN-KRN} Rf5 36. Nc7 c3 $2 (36... Ne7 $16) 37. Rc1 $18 fxg3 38. hxg3 Ne7 39. Rxc3 Nd5 40. Nxd5 Rxd5 {KR-KR} 41. a4 {[%cal Ba2a4,Ba4b5,Bb5b6,Bb6b7][%mdl 32]} Rxd4 $2 (41... Kg7 42. Kf3 Rxd4) 42. Rb3 $1 Kg7 43. b5 axb5 $2 (43... Rc4 44. b6 (44. bxa6 Rxa4 45. Rb6 d5 $16) 44... Rc8) 44. axb5 Rc4 45. b6 {b7 is the strong threat.} Rc8 46. b7 Rb8 47. Kf3 Kf6 {[#]} 48. Ke4 $1 {[%cal Re4d5]} Ke6 {[#]} 49. Kd4 $2 (49. g4 $1 $18 {is the precise move to win.}) 49... d5 $2 {[%mdl 8192]} (49... Kd7 $16) 50. g4 Kd6 51. Rh3 Kc7 52. Rxh7+ {Accuracy: White = 61%, Black = 34%.} 1-0